| 000 | 00879nam a2200229Ia 4500 | ||
|---|---|---|---|
| 003 | GCL | ||
| 008 | 140319s9999 xx 000 0 ara d | ||
| 020 | _a1051159973 | ||
| 040 |
_aGCL / _cGCL |
||
| 082 | 0 | 4 |
_a025.43 _bم ت |
| 100 | 1 | _aمحمود احمد اتيم | |
| 245 | 1 | 0 |
_aتصنيف ديوى العشرى : _bالطبعة الثانية عشرة المختصرة - الطبعة العربية الثانية / _cمحمود احمد اتيم |
| 700 | 1 | _aحسين الهبائلى | |
| 250 | _aالثانية | ||
| 260 |
_aتونس : _bالمنظمة العربية للتربية والثقافة والعلوم ، _c1997 |
||
| 300 |
_a2 مج ؛ _c24 سم |
||
| 650 | 0 | 4 | _aنظم المعلومات |
| 650 | 0 | 4 | _aاختزان واسترجاع المعلومات |
| 650 | 0 | 4 | _aالتصنيف العشرى |
| 650 | 0 | 4 | _aتصنيف المعرفة |
| 942 |
_2ddc _cBK |
||
| 999 |
_c4510 _d4510 |
||